| 000 | 00536nam a22001697a 4500 | ||
|---|---|---|---|
| 100 | _aAmdelmoniem, M | ||
| 245 | _aNumerical studies on the dissipation behaviour of elastomers and its effect on the applied loading conditions | ||
| 260 | _bKautschuk Gummi Kunststoffe, 76(3): 2023. 56-61. | ||
| 300 | _bJune | ||
| 650 | _aPolyoxymethylene | ||
| 650 | _aMechanical dissipation | ||
| 650 | _aFinite viscoelasticity | ||
| 650 | _aThermomechanical coupling | ||
| 650 | _aRotating shear loading | ||
| 700 | _aYagimli, B | ||
| 942 | _cJS | ||
| 999 |
_c75280 _d75280 |
||